Panorama educativo de México : (Record no. 165281)
[ view plain ]
| 000 -CABECERA | |
|---|---|
| campo de control de longitud fija | 00877nam a2200229 a 4500 |
| 005 - FECHA Y HORA DE LA ÚLTIMA TRANSACCIÓN | |
| campo de control | 20240416064021.0 |
| 008 - ELEMENTOS DE LONGITUD FIJA--INFORMACIÓN GENERAL | |
| campo de control de longitud fija | 130927s2012 mx r 000 0 spa d |
| 020 ## - NÚMERO INTERNACIONAL NORMALIZADO PARA LIBROS | |
| Número Internacional Estándar del Libro | 9786077675426 |
| 035 ## - NÚMERO DE CONTROL DEL SISTEMA | |
| Número de control de sistema | UPN01000193180 |
| 049 ## - COLECCIÓN | |
| Colección | C |
| 050 #4 - SIGNATURA TOPOGRÁFICA DE LA BIBLIOTECA DEL CONGRESO | |
| Número de clasificación | LB2846 |
| Número de documento/Ítem | P3.6 2011 |
| 245 00 - MENCIÓN DE TÍTULO | |
| Título | Panorama educativo de México : |
| Resto del título | indicadores del sistema educativo nacional 2011 : educación básica y media superior / |
| Mención de responsabilidad, etc. | coord. Héctor V. Robles Vásquez. |
| 260 ## - PUBLICACIÓN, DISTRIBUCIÓN, ETC. | |
| Lugar de publicación, distribución, etc. | México : |
| Nombre del editor, distribuidor, etc. | INEE, |
| Fecha de publicación, distribución, etc. | 2012. |
| 300 ## - DESCRIPCIÓN FÍSICA | |
| Extensión | 414 p. : |
| Otras características físicas | cuadros, gráfs. + |
| Material acompañante/anejo | 1 CD-ROM ; 4 3/4 plg. |
| 500 ## - NOTA GENERAL | |
| Nota general | El CD-ROM solicítalo en el Mostrador de Préstamo |
| 650 #2 - ASIENTO SECUNDARIO DE MATERIA - TERMINO TEMATICO | |
| Término de materia o nombre geográfico como elemento de entrada | Indicadores educativos |
| Subdivisión geográfica | México |
| 9 (RLIN) | 10099 |
| 650 #4 - ASIENTO SECUNDARIO DE MATERIA - TERMINO TEMATICO | |
| Término de materia o nombre geográfico como elemento de entrada | Evaluación educativa |
| Subdivisión geográfica | México |
| 9 (RLIN) | 5996 |
| 650 #4 - ASIENTO SECUNDARIO DE MATERIA - TERMINO TEMATICO | |
| Término de materia o nombre geográfico como elemento de entrada | Educación |
| Subdivisión geográfica | México |
| Subdivisión de forma | Estadística |
| 9 (RLIN) | 7313 |
| 700 1# - ASIENTO SECUNDARIO--NOMBRE DE PERSONAL | |
| Nombre de persona | Robles Vásquez, Héctor Virgilio |
| Término indicativo de función/relación | coord. |
| 9 (RLIN) | 40884 |
| 905 ## - TIPO DE MATERIAL | |
| Tipo de material | Libro |
| Estado de retiro | Estado de pérdida | Fuente del sistema de clasificación o colocación | Estado dañado | No para préstamo | Código de colección | Localización permanente | Ubicación/localización actual | Ubicación en estantería | Total de préstamos | Clasificación | Código de barras | Fecha visto por última vez | Número de copia | Tipo de ítem Koha | Fecha de adquisición | Precio válido a partir de | Nota pública |
|---|---|---|---|---|---|---|---|---|---|---|---|---|---|---|---|---|---|
| Library of Congress Classification | Consulta | Consulta | Bib. Gregorio Torres Quintero | Bib. Gregorio Torres Quintero | Sala de lectura Sótano | LB2846 P3.6 2011 | 291296 | 31/12/2020 | 1 | Libro | |||||||
| Library of Congress Classification | Disponible (Préstamo en sala) | Materiales complementarios y otros recursos electrónicos | Bib. Gregorio Torres Quintero | Bib. Gregorio Torres Quintero | Mostrador de préstamo Planta baja | LB2846 P3.6 2011 | 340156 | 24/09/2024 | Ej.2 | Disco Compacto | 24/09/2024 | 24/09/2024 | Solicítalo en el mostrador de préstamo |
